Unwritten - Natasha Bedingfield (All Lyrics) - Statistics

General Stats
  • This quiz has been taken 1,657 times
    1,647 since last reset
  • The average score is 360 of 439
Answer Stats
Answer % Correct
I
100%
The
98%
the
98%
unwritten.
97%
you.
97%
you
97%
you,
97%
can
95%
in
94%
in.
94%
on
94%
your
94%
it.
93%
it
93%
no
93%
No
93%
Feel
91%
feel
91%
for
91%
else
90%
else,
90%
Let
90%
let
90%
one
90%
skin,
90%
skin.
90%
am
89%
rain
89%
Open
87%
open.
87%
words
87%
Only
85%
only
85%
so
85%
So
85%
up
85%
window.
85%
is
84%
before
83%
dirty
83%
at
82%
lips.
82%
blank
81%
still
81%
page
80%
rest
80%
Staring
80%
distance,
78%
distance.
78%
sun
78%
that
78%
close
77%
Release
77%
something
77%
speak
77%
almost
76%
taste
76%
my
75%
Reaching
74%
Can't
73%
can't
73%
to
73%
could
71%
illuminate
71%
wide
69%
I'm
68%
unspoken.
68%
life
67%
not
67%
with
67%
find.
66%
Live
66%
live
66%
mind.
66%
where
64%
begins,
63%
begins.
63%
Today
62%
book
61%
read
61%
arms
60%
inhibitions.
57%
undefined.
57%
yourself
55%
just
51%
hand,
50%
beginning.
46%
way.
45%
pen's
44%
ending
43%
unplanned.
43%
But
42%
break
36%
make
36%
tradition.
36%
are
35%
outside
35%
lines.
33%
mistakes.
30%
Sometimes
30%
Drench
28%
been
26%
conditioned
24%
tries
24%
We've
22%
No matching quizzes found
Score Distribution
Percent of People with Each Score
Percentile by Number Answered
Your Score History
You have not taken this quiz since the last reset